Philosophers by Country Quiz - Statistics

General Stats
  • This quiz has been taken 1,335 times
  • The average score is 14 of 18
Answer Stats
Philosopher Country % Correct
Socrates Greece
99%
René Descartes France
96%
Niccolò Machiavelli Italy
96%
Karl Marx Germany
95%
John Locke United Kingdom
95%
Confucius China
93%
Søren Kierkegaard Denmark
91%
Pythagoras Greece
90%
Immanuel Kant Germany
83%
Ludwig Wittgenstein Austria
82%
John Dewey United States
81%
Albert Camus Algeria
75%
Jean-Jacques Rousseau Switzerland
62%
Baruch Spinoza Netherlands
58%
Omar Khayyam Iran
53%
Slavoj Žižek Slovenia
51%
Peter Singer Australia
41%
Mencius China
31%
No matching quizzes found
Score Distribution
Percent of People with Each Score
Percentile by Number Answered
Your Score History
You have not taken this quiz